LEADER 01175nam0-22003611i-450- 001 990007449010403321 005 20080325125735.0 010 $a88-04-50964-3 035 $a000744901 035 $aFED01000744901 035 $a(Aleph)000744901FED01 035 $a000744901 100 $a20030619d2002----km-y0itay50------ba 101 1 $aita 102 $aIT 105 $aa-------001yy 200 1 $a<>memoria prodigiosa$eviaggio tra i misteri del cervello umano$fAleksandr Romanovic Lurija$gtraduzione di Agostino Villa ; prefazione di Alberto Oliverio 210 $aMilano$cOscar Mondadori$d2002 215 $aXII, 103 p.$cill.$d20 cm 225 1 $aOscar Quark$v10 454 0$12001$aMalenkaja knizka o bolsoj pamjati$1210$a[S.l.$d19..]$921032 610 0 $aMemoria 676 $a153.12$v21$zita 700 1$aLuriā,$bAleksandr Romanovic$f<1902-1977>$0414440 702 1$aOliverio,$bAlberto$f<1938- > 702 1$aVilla,$bAgostino$f<1949-> 801 0$aIT$bUNINA$gRICA$2UNIMARC 901 $aBK 912 $a990007449010403321 952 $aP.1 PG 488$fFLFBC 959 $aFLFBC 996 $aMalenkaja knizka o bolsoj pamjati$921032 997 $aUNINA LEADER 01372nas 2200445-- 450 001 9910132751703321 005 20240207165843.0 035 $a(CKB)110978977559175 035 $a(CONSER)---77640310- 035 $a(EXLCZ)99110978977559175 100 $a20760620a19759999 --- a 101 0 $aeng 181 $ctxt$2rdacontent 182 $cc$2rdamedia 183 $acr$2rdacarrier 200 00$aConcordia journal 210 $a[St. Louis]$c[Concordia Seminary] 215 $a1 online resource 300 $aRefereed/Peer-reviewed 311 1 $aPrint version: Concordia journal (Print) 0145-7233 311 1 $aMicroform version: Concordia journal (Microfilm) 0145-7233 311 1 $aOnline version: Concordia journal (Online) 0145-7233 531 $aCONCORDIA J 531 0 $aConcordia j. 606 $aLutheran Church$vPeriodicals 606 $aTheology$vPeriodicals 606 $aLutheran Church$2fast$3(OCoLC)fst01003996 606 $aTheology$2fast$3(OCoLC)fst01149559 608 $aPeriodicals.$2fast 615 0$aLutheran Church 615 0$aTheology 615 7$aLutheran Church. 615 7$aTheology. 676 $a230/.4/173 712 02$aConcordia Seminary (Saint Louis, Mo.) 906 $aJOURNAL 912 $a9910132751703321 920 $aexl_impl conversion 996 $aConcordia journal$92206124 997 $aUNINA